| 000 | 01144nam a22002897a 4500 | ||
|---|---|---|---|
| 005 | 20170712020002.0 | ||
| 008 | s2009 ck r 000 spa d | ||
| 020 | _a9789588343464 | ||
| 040 |
_aCO-BoIAVH _cCO-BoIAVH |
||
| 041 | 0 | _aspa | |
| 044 | _ack | ||
| 082 | 0 | 4 |
_a570 _bB22a |
| 245 | 0 | _aAnálisis de riesgo y propuesta de categorización de especies introducidas para Colombia | |
| 260 |
_aBogotá, Colombia _bInstituto de Investigación en Recursos Biológicos Alexander von Humboldt _c2010 |
||
| 300 |
_a200 p. _c27 cm. |
||
| 650 |
_aEspecies invasoras _xanálisis de riesgo |
||
| 650 |
_aBiodiversidad _xorganismos acuáticos |
||
| 650 |
_aEspecies introducidas _xColombia |
||
| 700 |
_aBaptiste, María Piedad _eEditora |
||
| 700 |
_aCastaño, Nicolas _eEditor |
||
| 700 |
_aCárdenas-López, Dairon _eEditor |
||
| 700 |
_aGutiérrez, Francisco de Paula _eEditor |
||
| 700 |
_aGil, Diego L. _eEditor |
||
| 700 |
_aLasso, Carlos A. _eEditor |
||
| 856 | _uhttp://www.humboldt.org.co/publicaciones/uploads/231_Analisis_riesgo_Invasoras-2010.pdf | ||
| 942 |
_2ddc _cLIBRO _05 |
||
| 999 |
_c7344 _d7344 |
||